Rosh Hashanah and Yom Kippur / (Record no. 8308)

MARC details
000 -LEADER
fixed length control field 00907nam a22002897a 4500
001 - CONTROL NUMBER
control field 8308
003 - CONTROL NUMBER IDENTIFIER
control field FISKH
005 - DATE AND TIME OF LATEST TRANSACTION
control field 20250909134915.0
008 - FIXED-LENGTH DATA ELEMENTS--GENERAL INFORMATION
fixed length control field 250908b cb ||||| |||| 00| 0 eng d
020 ## - INTERNATIONAL STANDARD BOOK NUMBER
International Standard Book Number 9780516263137
040 ## - CATALOGING SOURCE
Original cataloging agency FISKH
Language of cataloging eng
Transcribing agency FISKH
Modifying agency FISKH
050 ## - LIBRARY OF CONGRESS CALL NUMBER
Classification number BM693.H5 M39
082 ## - DEWEY DECIMAL CLASSIFICATION NUMBER
Classification number 296.4
100 ## - MAIN ENTRY--PERSONAL NAME
Personal name Marx, David F.
245 ## - TITLE STATEMENT
Title Rosh Hashanah and Yom Kippur /
Statement of responsibility, etc. By David F. Marx
260 ## - PUBLICATION, DISTRIBUTION, ETC.
Place of publication, distribution, etc. New York :
Name of publisher, distributor, etc. Children's Press,
Date of publication, distribution, etc. 2001.
300 ## - PHYSICAL DESCRIPTION
Extent 31 pages :
Other physical details color illustrations ;
Dimensions 18 cm .
490 ## - SERIES STATEMENT
Series statement Rookie read-about holidays
505 ## - FORMATTED CONTENTS NOTE
Formatted contents note R <br/>
520 ## - SUMMARY, ETC.
Summary, etc. Discusses the importance and celebration of the Jewish High Holidays, Rosh Hashanah and Yom Kippur.
521 8# - TARGET AUDIENCE NOTE
Target audience note 730 <br/>
Source Lexile <br/>
521 8# - TARGET AUDIENCE NOTE
Target audience note R <br/>
Source Raz-Plus <br/>
650 ## - SUBJECT ADDED ENTRY--TOPICAL TERM
Topical term or geographic name entry element High Holidays
Form subdivision Juvenile Literature
700 ## - ADDED ENTRY--PERSONAL NAME
Personal name Anderson, Caroline
Relator term Photo Researcher
942 ## - ADDED ENTRY ELEMENTS (KOHA)
Source of classification or shelving scheme Dewey Decimal Classification
Koha item type Books
Suppress in OPAC No
Holdings
Withdrawn status Lost status Source of classification or shelving scheme Damaged status Not for loan Collection Home library Current library Shelving location Date acquired Total Checkouts Full call number Barcode Date last seen Price effective from Koha item type
    Dewey Decimal Classification     Non-Fiction Footprints International School Library Network Toul Tom Poung Campus Footprints International School Library Network Toul Tom Poung Campus TTP Primary Orange Bookshelves 09/08/2025   MAR 296.4 BM693.H5 M39 FISBK02055 09/08/2025 09/08/2025 Books